000 01133cam a2200349Mi 4500
001 ocn995563404
005 20180823113924.0
008 150416t20162016couab b 001 0 eng d
010 _a 2015014646
016 7 _a101674813
_2DNLM
020 _a9781936221554 (2a.Ed.)
020 _z1936221551
020 _a9781936221691
020 _z1936221691
035 _a(OCoLC)995563404
040 _aCo-BoUCM
_bspa
_cSaul Niño
_dSaul Niño
041 0 _aeng
060 0 0 _aQH 366
100 1 _aZimmer, Carl
_d1966-
_993402
245 1 0 _aEvolution
_bmaking sense of life
_cCarl Zimmer, Douglas J. Emlen ; study guide by Alison E. H. Perkins
250 _aSegunda edición
260 _aGreenwood Village
_bRobert and Company
_c2015
300 _a707 páginas
_bilustraciones, gráficas
546 _aTexto en inglés
650 7 _aEvolución (Biología)
_915360
650 7 _aGenética humana
_916317
650 7 _aCiencias naturales
_910813
700 1 _aEmlen, Douglas John
_d1967-
_993403
700 1 _aPerkins, Alison E.H.
_993404
942 _2NLM
_a25
_cLIBRORESER
_e2
_hQH 366
_mZ721e
999 _c310376
_d310376